| 000 | 00374nam a2200145Ia 4500 | ||
|---|---|---|---|
| 008 | 230312s9999||||xx |||||||||||||| ||und|| | ||
| 020 | _a0-07-148662-0 | ||
| 082 |
_a004.68 _bASP-D |
||
| 100 | _aAspinwall;Jim | ||
| 245 | 0 | _aDo-It Yourself Home Networking Projects | |
| 260 |
_bMcgraw hill _aUK _c2008 |
||
| 300 | _a174 | ||
| 650 |
_aComputer _vComputer Science |
||
| 942 | _cBK | ||
| 999 |
_c12072 _d12072 |
||